[Event "IRI-ch"]
[Site "Tehran"]
[Date "2020.01.24"]
[Round "11"]
[White "Nazari, Arad"]
[Black "Shamsi, Roohalah"]
[Result "1-0"]
[WhiteElo "2333"]
[BlackElo "2081"]
[PlyCount "53"]
[EventDate "2020.01.18"]
[EventType "tourn"]
[EventRounds "11"]
[EventCountry "IRI"]
[EventCategory "4"]
[SourceTitle "CBM 194 Extra"]
[Source "ChessBase"]
[SourceDate "2020.03.31"]
[SourceVersion "1"]
[SourceVersionDate "2020.03.31"]
[SourceQuality "1"]

1. e4 c5 2. Nf3 d6 3. Bb5+ Bd7 4. Bxd7+ Qxd7 5. 0-0 Nc6 6. c3 g6 7. d4 cxd4 8. cxd4 Bg7 9. Nc3 e6 10. Bf4 Nce7 11. Qb3 a6 12. Na4 Rd8 13. Nb6 Qc7 14. Rac1 Qb8 15. Qa4+ Nc6 16. d5 Nge7 17. dxc6 Nxc6 18. Rxc6 bxc6 19. Qxc6+ Ke7 20. Rd1 h6 21. Bd2 f5 22. exf5 gxf5 23. Bb4 Kf7 24. Bxd6 Qa7 25. h4 Rhe8 26. Re1 Kg8 27. Bc7 1-0

[Event "IRI-ch"]
[Site "Tehran"]
[Date "2020.01.22"]
[Round "7"]
[White "Darini, Pouria"]
[Black "Shamsi, Roohalah"]
[Result "1-0"]
[WhiteElo "2424"]
[BlackElo "2081"]
[PlyCount "55"]
[EventDate "2020.01.18"]
[EventType "tourn"]
[EventRounds "11"]
[EventCountry "IRI"]
[EventCategory "4"]
[SourceTitle "CBM 194 Extra"]
[Source "ChessBase"]
[SourceDate "2020.03.31"]
[SourceVersion "1"]
[SourceVersionDate "2020.03.31"]
[SourceQuality "1"]

1. e4 c5 2. Nf3 d6 3. d4 cxd4 4. Nxd4 Nf6 5. Nc3 a6 6. h3 b5 7. a4 b4 8. Nd5 e6 9. Nxf6+ Qxf6 10. g3 Bb7 11. Bg2 Nc6 12. Nxc6 Bxc6 13. 0-0 Qe5 14. Qd3 Be7 15. Bf4 Qc5 16. Rfd1 e5 17. Be3 Qa5 18. Qc4 Rc8 19. Bd2 Bd7 20. Qxb4 Qc7 21. Qa3 d5 22. Bb4 Bxb4 23. Qxb4 Rb8 24. Qa3 dxe4 25. Bxe4 Bxh3 26. Rd2 Be6 27. Rad1 Qe7 28. Bc6+ 1-0

[Event "IRI-ch"]
[Site "Tehran"]
[Date "2020.01.21"]
[Round "6"]
[White "Shamsi, Roohalah"]
[Black "Pour Agha Bala, Amirreza"]
[Result "0-1"]
[WhiteElo "2081"]
[BlackElo "2418"]
[PlyCount "98"]
[EventDate "2020.01.18"]
[EventType "tourn"]
[EventRounds "11"]
[EventCountry "IRI"]
[EventCategory "4"]
[SourceTitle "CBM 194 Extra"]
[Source "ChessBase"]
[SourceDate "2020.03.31"]
[SourceVersion "1"]
[SourceVersionDate "2020.03.31"]
[SourceQuality "1"]

1. e4 c5 2. c3 Nf6 3. e5 Nd5 4. d4 cxd4 5. Nf3 e6 6. cxd4 d6 7. Bc4 Nc6 8. Qe2 Be7 9. 0-0 0-0 10. Rd1 Na5 11. b3 Bd7 12. exd6 Bxd6 13. Bxd5 exd5 14. Ba3 Bxa3 15. Nxa3 Bg4 16. h3 Bh5 17. Rac1 Nc6 18. g4 Bg6 19. Ne5 Re8 20. Qb2 Qh4 21. Qc3 Nxe5 22. dxe5 h5 23. Rxd5 hxg4 24. Qg3 Qh6 25. Rc4 Rad8 26. Rxd8 Rxd8 27. Qxg4 Qd2 28. e6 Rd5 29. Qf4 Qe1+ 30. Kg2 Qxe6 31. Qb8+ Kh7 32. Rh4+ Bh5 33. Nc4 Rg5+ 34. Kh2 Qe1 35. Rxh5+ Rxh5 36. Qf4 Qe6 37. Qf3 Qf5 38. Qg3 Qg6 39. Qf3 Rf5 40. Qe2 Qh5 41. Qe4 Qf3 42. Qh4+ Rh5 43. Qg3 Qxg3+ 44. fxg3 Rd5 45. a4 Rd3 46. Na5 b6 47. Nc6 a5 48. b4 axb4 49. Nxb4 Rd4 0-1